000 00592nam a2200193Ia 4500
005 20250508165726.0
008 008 250505s9999 xx 000 0 eng d
037 _aReference
040 _aFEDL
_beng
_cFEDL
041 _aeng
_2eng
084 _a300.7, EDC/RR
_qFEDL
245 0 _aSocial studies 2 guide -7 : teachers Guide
245 0 _cEducational development center. Ministry of education
260 _aDelhi, India
_bEducational Development Center
_c1995
300 _axiv, 81p.
546 _aC.S.E.C
942 _cREF
_h300.7, EDC/RR
999 _c1397070
_d1397070